[Event "Isle of Man Masters 2017"]
[Site "Villa Marina, Douglas"]
[Date "2017.09.23"]
[Round "1.5"]
[White "Adams, Michael"]
[Black "Bianco, Valerio"]
[Result "1-0"]
[BlackElo "2086"]
[WhiteElo "2738"]
[LiveChessVersion "1.4.8"]

1. e4 {[%clk 1:40:56]} c6 {[%clk 1:40:53]} 2. d4 {[%clk 1:40:53]} d5
{[%clk 1:41:17]} 3. e5 {[%clk 1:41:17]} c5 {[%clk 1:41:43]} 4. Nf3
{[%clk 1:40:45]} cxd4 {[%clk 1:42:06]} 5. Nxd4 {[%clk 1:40:15]} Nc6
{[%clk 1:42:30]} 6. Nxc6 bxc6 {[%clk 1:42:52]} 7. Bd3 {[%clk 1:37:09]} Ba6
{[%clk 1:36:28]} 8. e6 {[%clk 1:31:54]} fxe6 {[%clk 1:34:50]} 9. O-O
{[%clk 1:30:48]} Bxd3 {[%clk 1:34:53]} 10. cxd3 {[%clk 1:30:45]} g6
{[%clk 1:30:31]} 11. Bf4 {[%clk 1:17:27]} Bg7 {[%clk 1:28:20]} 12. Qe2
{[%clk 1:17:25]} Nf6 {[%clk 1:24:14]} 13. Nd2 {[%clk 1:13:22]} Nh5
{[%clk 1:23:13]} 14. Be5 {[%clk 1:11:16]} O-O {[%clk 1:20:43]} 15. Nf3
{[%clk 1:08:09]} Bxe5 {[%clk 1:13:50]} 16. Nxe5 {[%clk 1:04:31]} c5
{[%clk 1:10:06]} 17. g3 {[%clk 1:02:17]} Qd6 {[%clk 1:09:09]} 18. Rac1
{[%clk 1:01:57]} Rac8 {[%clk 1:05:57]} 19. Rfe1 {[%clk 1:01:01]} Ng7
{[%clk 0:57:17]} 20. h4 {[%clk 1:00:44]} Rf5 {[%clk 0:53:09]} 21. b4
{[%clk 0:56:40]} Rc7 22. bxc5 {[%clk 0:46:36]} Rxc5 {[%clk 0:41:14]} 23. d4
{[%clk 0:46:40]} Rc7 {[%clk 0:37:13]} 24. Qd2 {[%clk 0:40:07]} Rf8
{[%clk 0:32:41]} 25. Rxc7 {[%clk 0:38:19]} Qxc7 {[%clk 0:33:07]} 26. Rc1
{[%clk 0:38:44]} Qb7 {[%clk 0:26:45]} 27. g4 {[%clk 0:30:05]} Ne8
{[%clk 0:19:34]} 28. Qe3 {[%clk 0:28:27]} Nc7 {[%clk 0:14:57]} 29. h5
{[%clk 0:27:32]} Kg7 {[%clk 0:12:21]} 30. hxg6 {[%clk 0:23:41]} hxg6
{[%clk 0:12:42]} 31. Nd7 {[%clk 0:23:15]} Rc8 {[%clk 0:11:42]} 32. Qg5
{[%clk 0:22:28]} 1-0

[Event "Isle of Man Masters 2017"]
[Site "Villa Marina, Douglas"]
[Date "2017.09.23"]
[Round "1.6"]
[White "Adhiban, B."]
[Black "Gelfand, Boris"]
[Result "1/2-1/2"]
[BlackElo "2737"]
[WhiteElo "2670"]
[LiveChessVersion "1.4.8"]

1. e4 {[%clk 1:38:22]} c5 {[%clk 1:40:57]} 2. Nc3 {[%clk 1:38:06]} Nc6
{[%clk 1:41:01]} 3. Nf3 {[%clk 1:38:30]} g6 {[%clk 1:41:08]} 4. d4
{[%clk 1:38:04]} cxd4 5. Nxd4 {[%clk 1:38:32]} Bg7 {[%clk 1:40:22]} 6. Be3
{[%clk 1:38:55]} Nf6 {[%clk 1:40:43]} 7. Bc4 {[%clk 1:39:19]} O-O
{[%clk 1:40:53]} 8. Bb3 {[%clk 1:39:47]} d5 9. exd5 {[%clk 1:40:10]} Na5
{[%clk 1:40:33]} 10. O-O {[%clk 1:30:50]} Nxb3 {[%clk 1:39:16]} 11. Nxb3
{[%clk 1:31:18]} b6 {[%clk 1:39:37]} 12. d6 {[%clk 1:31:45]} e6 {[%clk 1:39:53]}
13. Qf3 {[%clk 1:24:58]} Rb8 {[%clk 1:38:31]} 14. Rad1 {[%clk 1:25:21]} Bb7
{[%clk 1:38:37]} 15. Qh3 {[%clk 1:25:47]} Nd5 {[%clk 1:28:52]} 16. Nxd5
{[%clk 1:09:48]} Bxd5 {[%clk 1:29:10]} 17. Bd4 {[%clk 0:54:34]} Bxd4
{[%clk 1:15:17]} 18. Rxd4 {[%clk 0:47:33]} Rc8 {[%clk 1:13:21]} 19. Qh6
{[%clk 0:34:54]} Qf6 {[%clk 1:11:05]} 20. Rc1 {[%clk 0:33:11]} b5
{[%clk 0:49:52]} 21. Rh4 {[%clk 0:33:38]} Qg7 {[%clk 0:50:17]} 22. Qxg7+
{[%clk 0:34:04]} Kxg7 {[%clk 0:50:44]} 23. Rb4 {[%clk 0:34:30]} a6
{[%clk 0:45:01]} 24. a4 {[%clk 0:34:57]} bxa4 {[%clk 0:42:46]} 25. Na5
{[%clk 0:35:21]} a3 {[%clk 0:31:16]} 26. bxa3 {[%clk 0:33:07]} Rc5
{[%clk 0:23:10]} 27. Nb7 {[%clk 0:31:52]} Rb5 {[%clk 0:18:25]} 28. Rxb5
{[%clk 0:30:12]} axb5 {[%clk 0:18:47]} 29. Nc5 {[%clk 0:30:36]} Rd8
{[%clk 0:19:13]} 30. d7 {[%clk 0:27:11]} Kf6 {[%clk 0:18:45]} 31. Rb1
{[%clk 0:20:59]} Bc6 {[%clk 0:16:41]} 32. Rb4 {[%clk 0:20:24]} Bxd7
{[%clk 0:12:51]} 33. Nxd7+ {[%clk 0:18:17]} Rxd7 {[%clk 0:12:54]} 1/2-1/2

[Event "Isle of Man Masters 2017"]
[Site "Villa Marina, Douglas"]
[Date "2017.09.23"]
[Round "1.7"]
[White "Eljanov, Pavel"]
[Black "Arkell, Keith C"]
[Result "1-0"]
[BlackElo "2415"]
[WhiteElo "2734"]
[LiveChessVersion "1.4.8"]

1. d4 {[%clk 1:40:55]} d5 {[%clk 1:40:53]} 2. c4 {[%clk 1:41:14]} c6
{[%clk 1:41:18]} 3. Nf3 {[%clk 1:41:33]} Nf6 {[%clk 1:41:42]} 4. Nc3
{[%clk 1:41:37]} g6 {[%clk 1:41:46]} 5. cxd5 {[%clk 1:41:17]} cxd5
{[%clk 1:42:11]} 6. Bf4 {[%clk 1:41:44]} a6 {[%clk 1:41:58]} 7. e3
{[%clk 1:41:02]} Bg7 {[%clk 1:42:18]} 8. Be2 {[%clk 1:37:37]} O-O
{[%clk 1:42:03]} 9. O-O {[%clk 1:37:49]} Nc6 {[%clk 1:41:39]} 10. h3
{[%clk 1:37:14]} b5 {[%clk 1:35:08]} 11. a4 {[%clk 1:25:36]} b4 {[%clk 1:34:09]}
12. Na2 {[%clk 1:26:01]} Qb6 {[%clk 1:19:32]} 13. Nc1 {[%clk 1:21:37]} Ne4
{[%clk 1:13:00]} 14. Nb3 {[%clk 1:17:07]} a5 {[%clk 0:52:08]} 15. Rc1
{[%clk 1:12:13]} Ba6 {[%clk 0:45:21]} 16. Bxa6 {[%clk 1:08:28]} Qxa6
{[%clk 0:43:33]} 17. Nc5 {[%clk 1:08:27]} Nxc5 {[%clk 0:43:47]} 18. Rxc5
{[%clk 1:08:53]} e6 {[%clk 0:42:03]} 19. Qc2 {[%clk 1:06:45]} Rfc8
{[%clk 0:36:36]} 20. Rc1 {[%clk 1:06:58]} Ne7 {[%clk 0:34:02]} 21. Bc7
{[%clk 1:07:02]} Ra7 {[%clk 0:29:23]} 22. Nd2 {[%clk 1:04:17]} Qb7
{[%clk 0:12:46]} 23. Nb3 {[%clk 1:02:42]} Ra6 {[%clk 0:09:57]} 24. Nxa5
{[%clk 0:54:21]} Qa7 {[%clk 0:04:07]} 25. Bb6 {[%clk 0:51:48]} Qxb6
{[%clk 0:02:29]} 26. Rxc8+ {[%clk 0:52:12]} Bf8 {[%clk 0:02:25]} 27. Nb3
{[%clk 0:51:38]} Nxc8 {[%clk 0:02:41]} 28. a5 {[%clk 0:49:27]} Qb5
{[%clk 0:02:00]} 29. Qxc8 {[%clk 0:49:49]} Kg7 {[%clk 0:01:15]} 30. g3
{[%clk 0:46:51]} Bd6 {[%clk 0:01:29]} 31. Kg2 {[%clk 0:47:11]} Qd3
{[%clk 0:01:32]} 32. Qc2 {[%clk 0:44:40]} Qxc2 {[%clk 0:01:40]} 33. Rxc2
{[%clk 0:45:06]} Kf6 {[%clk 0:02:02]} 34. g4 {[%clk 0:42:13]} Ke7
{[%clk 0:01:27]} 35. Rc8 {[%clk 0:41:41]} Kd7 {[%clk 0:01:44]} 36. Rh8
{[%clk 0:41:33]} Kc6 {[%clk 0:01:53]} 37. Rxh7 {[%clk 0:41:47]} Ra7
{[%clk 0:02:13]} 38. Kf3 {[%clk 0:32:48]} Kb5 {[%clk 0:02:40]} 39. Ke2
{[%clk 0:33:13]} Ka4 {[%clk 0:03:04]} 40. Nd2 {[%clk 0:33:20]} b3
{[%clk 0:02:37]} 41. h4 {[%clk 0:31:24]} Bb4 {[%clk 0:01:27]} 42. h5
{[%clk 0:28:22]} gxh5 {[%clk 0:01:52]} 43. gxh5 {[%clk 0:28:48]} Bxa5
{[%clk 0:50:08]} 44. h6 {[%clk 1:18:29]} 1-0

[Event "Isle of Man Masters 2017"]
[Site "Villa Marina, Douglas"]
[Date "2017.09.23"]
[Round "1.8"]
[White "Aravindh, Chithambaram Vr."]
[Black "Vallejo Pons, Francisco"]
[Result "0-1"]
[BlackElo "2716"]
[WhiteElo "2573"]
[LiveChessVersion "1.4.8"]

1. Nf3 {[%clk 1:40:54]} e6 {[%clk 1:36:41]} 2. g3 {[%clk 1:40:42]} b5
{[%clk 1:36:30]} 3. Bg2 {[%clk 1:39:24]} Bb7 {[%clk 1:36:20]} 4. d3
{[%clk 1:36:57]} Nf6 {[%clk 1:31:59]} 5. O-O {[%clk 1:29:47]} Be7
{[%clk 1:30:46]} 6. Nbd2 {[%clk 1:18:12]} O-O {[%clk 1:30:20]} 7. e4
{[%clk 1:16:10]} d6 {[%clk 1:27:23]} 8. Re1 {[%clk 1:07:16]} c5 {[%clk 1:22:10]}
9. Nf1 {[%clk 0:59:43]} Nc6 {[%clk 1:19:27]} 10. h3 {[%clk 0:54:56]} a5
{[%clk 1:11:55]} 11. a4 {[%clk 0:51:05]} b4 {[%clk 1:10:46]} 12. g4
{[%clk 0:50:28]} Rc8 {[%clk 1:04:19]} 13. Ng3 {[%clk 0:48:07]} Nd7
{[%clk 0:57:04]} 14. Be3 {[%clk 0:40:28]} Bf6 15. Rb1 {[%clk 0:33:01]} Nd4
{[%clk 0:52:58]} 16. Nd2 {[%clk 0:31:30]} Ba6 {[%clk 0:47:46]} 17. b3
{[%clk 0:17:51]} e5 {[%clk 0:42:35]} 18. Nf5 {[%clk 0:14:07]} Rc6
{[%clk 0:36:48]} 19. Nf3 {[%clk 0:08:24]} g6 {[%clk 0:35:07]} 20. Ng3
{[%clk 0:07:26]} Re8 {[%clk 0:30:55]} 21. Qd2 {[%clk 0:05:13]} Bg7
{[%clk 0:27:35]} 22. Nh2 {[%clk 0:02:10]} Nf8 {[%clk 0:24:28]} 23. f4
{[%clk 0:01:13]} exf4 {[%clk 0:24:39]} 24. Bxf4 {[%clk 0:01:39]} Be5
{[%clk 0:24:45]} 25. Rf1 {[%clk 0:00:39]} Nfe6 {[%clk 0:24:14]} 26. Bxe5
{[%clk 0:01:00]} dxe5 {[%clk 0:24:40]} 27. Nf3 {[%clk 0:00:46]} f6
{[%clk 0:18:42]} 28. Ne2 {[%clk 0:00:33]} g5 {[%clk 0:15:56]} 29. Rf2
{[%clk 0:00:33]} Rc7 {[%clk 0:10:47]} 30. Rbf1 {[%clk 0:00:34]} Rf8
{[%clk 0:09:34]} 31. h4 {[%clk 0:00:33]} h6 {[%clk 0:06:19]} 32. Ng3
{[%clk 0:00:32]} Nf4 {[%clk 0:05:30]} 33. Nxd4 {[%clk 0:00:34]} cxd4
{[%clk 0:05:47]} 34. Nf5 {[%clk 0:00:57]} Rh7 {[%clk 0:05:12]} 35. h5
{[%clk 0:00:32]} Bc8 {[%clk 0:05:35]} 36. Kh2 {[%clk 0:00:32]} Qc7
{[%clk 0:03:16]} 37. Bf3 {[%clk 0:00:32]} Bxf5 {[%clk 0:01:14]} 38. gxf5
{[%clk 0:00:53]} Nd5 {[%clk 0:00:57]} 39. exd5 {[%clk 0:00:34]} e4+
{[%clk 0:01:26]} 40. Kg2 {[%clk 0:00:53]} e3 {[%clk 0:00:38]} 41. Qe1
{[%clk 0:00:53]} g4 {[%clk 0:42:01]} 42. Be4 {[%clk 0:40:50]} exf2
{[%clk 0:42:00]} 43. Qxf2 {[%clk 0:41:08]} g3 {[%clk 0:34:17]} 44. Qd2
{[%clk 0:38:56]} Rg7 {[%clk 0:20:14]} 45. Re1 {[%clk 0:38:48]} Re8
{[%clk 0:15:32]} 46. d6 {[%clk 0:34:46]} Qxd6 {[%clk 0:15:20]} 47. Qxh6
{[%clk 0:35:09]} Rg5 {[%clk 0:13:51]} 48. Kg1 {[%clk 0:35:08]} Re5
{[%clk 0:13:03]} 49. Re2 {[%clk 0:34:56]} Qf8 {[%clk 0:11:42]} 50. Qxf8+
{[%clk 0:35:13]} Kxf8 {[%clk 0:12:11]} 51. h6 {[%clk 0:34:31]} Kg8
{[%clk 0:11:33]} 52. Kg2 {[%clk 0:33:52]} Kh7 {[%clk 0:11:49]} 0-1

[Event "Isle of Man Masters 2017"]
[Site "Villa Marina, Douglas"]
[Date "2017.09.23"]
[Round "1.9"]
[White "Almasi, Zoltan"]
[Black "L'ami, Erwin"]
[Result "1/2-1/2"]
[BlackElo "2611"]
[WhiteElo "2707"]
[LiveChessVersion "1.4.8"]

1. Nf3 d5 2. c4 d4 3. b4 f6 4. e3 e5 5. a3 c5 6. d3 dxe3 7. Bxe3 cxb4 8. Be2 Nc6
9. O-O Nge7 10. axb4 Nxb4 11. Bxa7 Qd7 12. Bd4 Rxa1 13. Bxa1 Nec6 14. d4 exd4 15.
Nxd4 Be7 16. Bh5+ g6 17. Bf3 Kf7 18. Nxc6 bxc6 19. Qb3 Qe6 20. Bc3 Nd3 21. Nd2
Rd8 22. Qb6 Ne5 23. Bxe5 Qxe5 24. Qxc6 Be6 25. Ne4 f5 26. Ng3 Rd2 27. Bd5 Bxd5
28. cxd5 Qxd5 29. Qxd5+ Rxd5 30. Re1 Bf6 1/2-1/2

[Event "Isle of Man Masters 2017"]
[Site "Villa Marina, Douglas"]
[Date "2017.09.23"]
[Round "1.10"]
[White "Brunello, Sabino"]
[Black "Naiditsch, Arkadij"]
[Result "1/2-1/2"]
[BlackElo "2702"]
[WhiteElo "2555"]
[LiveChessVersion "1.4.8"]

1. d4 {[%clk 1:40:57]} Nf6 {[%clk 1:40:47]} 2. c4 {[%clk 1:41:19]} g6
{[%clk 1:41:08]} 3. Nc3 {[%clk 1:41:42]} Bg7 {[%clk 1:41:31]} 4. e4
{[%clk 1:42:02]} d6 {[%clk 1:41:44]} 5. Bd3 {[%clk 1:42:14]} O-O {[%clk 1:38:10]}
6. Nge2 {[%clk 1:42:36]} Nc6 {[%clk 1:37:16]} 7. O-O {[%clk 1:41:44]} Nh5
{[%clk 1:28:40]} 8. Be3 {[%clk 1:39:20]} e5 {[%clk 1:24:00]} 9. d5
{[%clk 1:37:24]} Nd4 {[%clk 1:23:42]} 10. Qd2 {[%clk 1:33:13]} c5
{[%clk 1:21:15]} 11. dxc6 {[%clk 1:33:36]} bxc6 {[%clk 1:21:07]} 12. b4
{[%clk 1:33:33]} Be6 {[%clk 1:02:37]} 13. Rfd1 {[%clk 1:14:05]} f5
{[%clk 0:56:42]} 14. exf5 {[%clk 1:12:08]} gxf5 {[%clk 0:46:33]} 15. Bg5
{[%clk 1:10:08]} Qd7 {[%clk 0:41:55]} 16. Nxd4 {[%clk 1:08:19]} exd4
{[%clk 0:42:19]} 17. Ne2 {[%clk 1:08:38]} c5 {[%clk 0:35:41]} 18. bxc5
{[%clk 1:01:56]} dxc5 19. Nf4 {[%clk 1:01:59]} Nxf4 {[%clk 0:31:56]} 20. Bxf4
{[%clk 1:00:51]} Rfe8 {[%clk 0:32:16]} 21. Rab1 {[%clk 0:59:50]} Qf7
{[%clk 0:21:50]} 22. Rdc1 {[%clk 0:51:39]} Rac8 {[%clk 0:21:50]} 23. h3
{[%clk 0:46:25]} Rc6 {[%clk 0:20:38]} 24. Rb3 {[%clk 0:40:21]} Bc8
{[%clk 0:19:01]} 25. Rcb1 {[%clk 0:27:24]} Be5 {[%clk 0:09:35]} 26. Bxe5
{[%clk 0:24:15]} Rxe5 {[%clk 0:09:29]} 27. Qf4 {[%clk 0:23:26]} Qc7
{[%clk 0:06:56]} 28. Kh2 {[%clk 0:20:44]} Re7 {[%clk 0:06:19]} 29. Qxc7
{[%clk 0:18:50]} Rexc7 {[%clk 0:06:18]} 30. Kg3 {[%clk 0:16:50]} Rg6+
{[%clk 0:02:25]} 31. Kf3 {[%clk 0:15:14]} Kf7 {[%clk 0:02:53]} 32. g3
{[%clk 0:14:47]} Rh6 {[%clk 0:02:24]} 33. Rb8 {[%clk 0:09:00]} Ra6
{[%clk 0:02:11]} 34. R1b2 {[%clk 0:08:44]} Ra3 {[%clk 0:01:48]} 35. R8b3
{[%clk 0:08:41]} Ra4 {[%clk 0:01:48]} 36. Kf4 {[%clk 0:08:19]} Kf6
{[%clk 0:01:53]} 37. Rb8 {[%clk 0:06:24]} Be6 {[%clk 0:01:55]} 38. Rf8+
{[%clk 0:03:49]} Rf7 {[%clk 0:01:43]} 39. Rxf7+ Bxf7 {[%clk 0:02:11]} 40. Rc2
{[%clk 0:00:58]} Be6 {[%clk 0:00:45]} 41. g4 {[%clk 0:00:46]} fxg4
{[%clk 0:47:14]} 42. hxg4 {[%clk 0:51:05]} h6 {[%clk 0:47:36]} 43. f3
{[%clk 0:48:10]} Ra3 {[%clk 0:42:48]} 44. Be4 {[%clk 0:45:44]} d3
{[%clk 0:39:49]} 45. Rh2 {[%clk 0:45:22]} Kg7 {[%clk 0:36:48]} 46. g5
{[%clk 0:26:01]} hxg5+ {[%clk 0:36:38]} 47. Kxg5 {[%clk 0:25:43]} Bxc4
{[%clk 0:36:09]} 48. Kf5 {[%clk 0:25:05]} a5 {[%clk 0:18:29]} 49. Ke5
{[%clk 0:16:17]} Bg8 {[%clk 0:18:17]} 50. Rg2+ {[%clk 0:12:30]} Kf8
{[%clk 0:16:18]} 51. Rb2 {[%clk 0:12:35]} Rxa2 {[%clk 0:07:45]} 52. Rb8+
{[%clk 0:12:31]} Kg7 {[%clk 0:08:14]} 53. Bxd3 {[%clk 0:12:24]} Rd2
{[%clk 0:08:08]} 54. Rb7+ {[%clk 0:11:11]} Kh8 {[%clk 0:08:05]} 55. Be4
{[%clk 0:08:58]} a4 {[%clk 0:07:42]} 56. Ra7 {[%clk 0:07:21]} Bb3
{[%clk 0:07:56]} 57. Bc6 {[%clk 0:05:08]} Re2+ {[%clk 0:05:15]} 58. Kd6
{[%clk 0:05:02]} c4 {[%clk 0:04:13]} 59. Bxa4 {[%clk 0:05:11]} Ra2
{[%clk 0:04:28]} 60. Ra8+ {[%clk 0:05:19]} Kg7 {[%clk 0:04:48]} 61. Bc6
{[%clk 0:05:47]} Rxa8 {[%clk 0:02:35]} 62. Bxa8 {[%clk 0:06:15]} c3
{[%clk 0:02:55]} 63. Be4 {[%clk 0:06:42]} Kf6 {[%clk 0:03:19]} 64. Kc5
{[%clk 0:07:06]} Ke5 {[%clk 0:03:40]} 65. Bd3 {[%clk 0:06:53]} Bd1
{[%clk 0:03:34]} 66. Kc4 {[%clk 0:07:12]} c2 {[%clk 0:03:58]} 67. Bxc2
{[%clk 0:07:40]} Bxc2 {[%clk 0:04:23]} 68. f4+ {[%clk 0:08:03]} Kxf4 1/2-1/2

[Event "Isle of Man Masters 2017"]
[Site "Villa Marina, Douglas"]
[Date "2017.09.23"]
[Round "1.12"]
[White "Hemant, Sharma (del)"]
[Black "Howell, David W L"]
[Result "0-1"]
[BlackElo "2701"]
[WhiteElo "2342"]
[LiveChessVersion "1.4.8"]

1. Nf3 {[%clk 1:40:35]} c5 {[%clk 1:39:46]} 2. c4 {[%clk 1:39:52]} Nc6
{[%clk 1:39:38]} 3. Nc3 {[%clk 1:39:32]} g6 {[%clk 1:39:46]} 4. g3
{[%clk 1:38:34]} Bg7 {[%clk 1:39:58]} 5. Bg2 {[%clk 1:38:55]} e6 {[%clk 1:38:17]}
6. O-O {[%clk 1:31:48]} Nge7 {[%clk 1:37:56]} 7. b3 {[%clk 1:31:26]} d5
{[%clk 1:26:25]} 8. Bb2 {[%clk 1:13:55]} d4 {[%clk 1:11:56]} 9. Na4
{[%clk 1:03:55]} b6 {[%clk 1:11:13]} 10. e3 {[%clk 1:02:36]} e5 {[%clk 1:05:50]}
11. exd4 {[%clk 1:02:42]} exd4 {[%clk 1:05:42]} 12. d3 {[%clk 1:00:15]} O-O
{[%clk 1:05:35]} 13. Qd2 {[%clk 0:58:13]} Bb7 {[%clk 0:48:12]} 14. Rae1
{[%clk 0:54:25]} Qd7 {[%clk 0:41:00]} 15. a3 {[%clk 0:51:11]} Rae8
{[%clk 0:40:35]} 16. b4 {[%clk 0:37:31]} Nd8 {[%clk 0:38:43]} 17. Qc2
{[%clk 0:37:43]} Bc6 {[%clk 0:29:04]} 18. b5 {[%clk 0:38:04]} Bb7
{[%clk 0:29:29]} 19. Bc1 {[%clk 0:38:24]} f6 {[%clk 0:29:54]} 20. Nb2
{[%clk 0:35:29]} Nf7 {[%clk 0:29:32]} 21. a4 {[%clk 0:35:06]} g5 {[%clk 0:29:15]}
22. a5 {[%clk 0:32:03]} g4 {[%clk 0:18:07]} 23. Nh4 {[%clk 0:25:23]} Bxg2
{[%clk 0:17:17]} 24. Kxg2 {[%clk 0:21:34]} Ng6 {[%clk 0:07:34]} 25. Nxg6
{[%clk 0:20:37]} hxg6 {[%clk 0:03:50]} 26. Re4 {[%clk 0:09:59]} Ne5
{[%clk 0:02:24]} 27. f4 {[%clk 0:08:14]} gxf3+ {[%clk 0:02:52]} 28. Kg1
{[%clk 0:08:29]} g5 {[%clk 0:03:09]} 29. Nd1 {[%clk 0:08:05]} Qh3
{[%clk 0:01:22]} 30. axb6 {[%clk 0:04:59]} axb6 {[%clk 0:01:45]} 31. Qf2
{[%clk 0:04:45]} g4 {[%clk 0:01:35]} 0-1

[Event "Isle of Man Masters 2017"]
[Site "Villa Marina, Douglas"]
[Date "2017.09.23"]
[Round "1.13"]
[White "Short, Nigel D"]
[Black "Osmanodja, Filiz"]
[Result "1-0"]
[BlackElo "2245"]
[WhiteElo "2698"]
[LiveChessVersion "1.4.8"]

1. d4 {[%clk 1:40:55]} Nf6 {[%clk 1:40:28]} 2. Nf3 {[%clk 1:41:03]} d5
{[%clk 1:38:44]} 3. c4 {[%clk 1:41:01]} e6 {[%clk 1:39:08]} 4. g3
{[%clk 1:40:07]} Bb4+ {[%clk 1:38:35]} 5. Bd2 {[%clk 1:38:39]} Be7
{[%clk 1:38:30]} 6. Bg2 {[%clk 1:38:57]} O-O {[%clk 1:38:32]} 7. O-O
{[%clk 1:39:18]} c6 {[%clk 1:38:12]} 8. Qb3 {[%clk 1:37:58]} b5 {[%clk 1:20:55]}
9. cxb5 {[%clk 1:33:38]} cxb5 {[%clk 1:21:16]} 10. Rc1 {[%clk 1:33:50]} Ba6
{[%clk 1:11:05]} 11. Bb4 {[%clk 1:18:23]} Bxb4 {[%clk 1:03:58]} 12. Qxb4
{[%clk 1:17:08]} Qb6 {[%clk 1:01:59]} 13. Ne5 {[%clk 1:14:20]} Nfd7
{[%clk 1:01:08]} 14. Nxd7 {[%clk 1:13:05]} Nxd7 {[%clk 0:58:08]} 15. e3 Rac8
{[%clk 0:54:19]} 16. Nd2 {[%clk 1:13:47]} Nb8 {[%clk 0:35:55]} 17. Bf1
{[%clk 1:11:48]} Nc6 {[%clk 0:33:59]} 18. Qc5 {[%clk 1:12:11]} Qb7
{[%clk 0:16:44]} 19. Qa3 {[%clk 1:12:24]} Qb6 {[%clk 0:12:06]} 20. Nb3
{[%clk 1:08:43]} Rc7 {[%clk 0:07:54]} 21. Rc5 {[%clk 1:03:22]} Rfc8
{[%clk 0:07:22]} 22. Rac1 {[%clk 1:03:44]} h6 {[%clk 0:06:16]} 23. h4
{[%clk 1:03:26]} Nb8 {[%clk 0:03:42]} 24. Rxc7 {[%clk 1:02:28]} Rxc7
{[%clk 0:04:11]} 25. Rxc7 {[%clk 1:02:46]} Qxc7 {[%clk 0:04:40]} 26. Nc5
{[%clk 1:03:04]} Qb6 {[%clk 0:04:23]} 27. Qd3 {[%clk 0:59:08]} Qa5
{[%clk 0:01:51]} 28. a3 {[%clk 0:58:32]} Nc6 {[%clk 0:00:46]} 29. a4
{[%clk 0:38:04]} Bc8 {[%clk 0:00:41]} 30. axb5 {[%clk 0:37:19]} Ne7
{[%clk 0:00:47]} 31. Qa3 {[%clk 0:37:43]} Qb6 {[%clk 0:00:34]} 32. Na4
{[%clk 0:37:56]} Qc7 {[%clk 0:00:40]} 33. Qc5 {[%clk 0:38:18]} Qd7
{[%clk 0:00:33]} 34. b6 {[%clk 0:34:41]} axb6 {[%clk 0:00:32]} 35. Nxb6 Qb7
{[%clk 0:00:38]} 36. Bb5 {[%clk 0:35:08]} Kf8 {[%clk 0:00:35]} 37. Qd6
{[%clk 0:35:00]} g6 {[%clk 0:00:32]} 38. Qd8+ {[%clk 0:31:27]} Kg7
{[%clk 0:01:01]} 39. Bd7 {[%clk 0:31:44]} Bxd7 {[%clk 0:01:15]} 40. Nxd7
{[%clk 0:32:05]} Nc6 {[%clk 0:00:35]} 41. Qf8+ {[%clk 0:32:26]} 1-0

[Event "Isle of Man Masters 2017"]
[Site "Villa Marina, Douglas"]
[Date "2017.09.23"]
[Round "1.14"]
[White "Harari, Zaki"]
[Black "Rodshtein, Maxim"]
[Result "1/2-1/2"]
[BlackElo "2695"]
[WhiteElo "2027"]
[LiveChessVersion "1.4.8"]

1. e4 {[%clk 1:40:48]} c5 {[%clk 1:40:51]} 2. d4 {[%clk 1:40:52]} cxd4
{[%clk 1:41:10]} 3. c3 {[%clk 1:41:03]} d3 {[%clk 1:40:10]} 4. Bxd3
{[%clk 1:41:00]} Nc6 {[%clk 1:40:34]} 5. c4 {[%clk 1:40:14]} g6 {[%clk 1:39:44]}
6. Nf3 {[%clk 1:40:04]} Bg7 {[%clk 1:40:01]} 7. O-O {[%clk 1:39:09]} d6
{[%clk 1:40:23]} 8. h3 {[%clk 1:38:26]} Nf6 {[%clk 1:40:00]} 9. Nc3
{[%clk 1:37:51]} O-O {[%clk 1:40:14]} 10. Be3 {[%clk 1:36:12]} Nd7
{[%clk 1:36:43]} 11. Rc1 {[%clk 1:34:14]} Nde5 {[%clk 1:29:01]} 12. Be2
{[%clk 1:22:59]} b6 {[%clk 1:22:42]} 13. Qd2 {[%clk 1:21:32]} Bb7
{[%clk 1:21:52]} 14. Rfd1 {[%clk 1:18:35]} Rc8 {[%clk 1:16:59]} 15. b3
{[%clk 1:18:27]} Nxf3+ {[%clk 1:16:09]} 16. Bxf3 {[%clk 1:18:14]} Ne5
{[%clk 1:16:02]} 17. Be2 {[%clk 1:17:40]} Nd7 {[%clk 1:15:55]} 18. Bh6
{[%clk 1:13:53]} Nf6 {[%clk 1:01:20]} 19. Bxg7 {[%clk 1:08:23]} Kxg7
{[%clk 1:01:46]} 20. Bf3 Qc7 21. h4 {[%clk 0:48:54]} Qb8 {[%clk 0:48:13]} 22. h5
{[%clk 0:48:34]} Rc5 {[%clk 0:35:29]} 23. h6+ {[%clk 0:46:32]} Kg8
{[%clk 0:35:46]} 24. Nd5 {[%clk 0:44:58]} Bxd5 {[%clk 0:35:38]} 25. exd5
{[%clk 0:45:21]} Rfc8 {[%clk 0:30:44]} 26. Re1 {[%clk 0:44:20]} R8c7
{[%clk 0:31:08]} 27. a4 {[%clk 0:39:33]} Qf8 {[%clk 0:30:28]} 28. Qf4
{[%clk 0:33:12]} a5 {[%clk 0:30:16]} 29. Qe3 {[%clk 0:25:34]} Kh8
{[%clk 0:24:06]} 30. g4 {[%clk 0:14:17]} Ng8 {[%clk 0:24:18]} 31. g5
{[%clk 0:13:53]} f6 {[%clk 0:24:28]} 32. gxf6 {[%clk 0:12:40]} exf6
{[%clk 0:17:40]} 33. Qf4 {[%clk 0:10:39]} Re7 {[%clk 0:13:20]} 34. Kf1
{[%clk 0:06:06]} Re5 {[%clk 0:09:40]} 35. Rxe5 {[%clk 0:04:56]} dxe5
{[%clk 0:10:05]} 36. Qd2 {[%clk 0:03:32]} Qd6 {[%clk 0:05:28]} 37. Rd1
{[%clk 0:03:03]} Rc7 {[%clk 0:04:52]} 38. Bg2 {[%clk 0:02:42]} g5
{[%clk 0:03:24]} 39. Bh3 {[%clk 0:02:34]} Nxh6 {[%clk 0:03:36]} 40. Be6
{[%clk 0:02:54]} Ng8 {[%clk 0:00:44]} 41. Qe2 {[%clk 0:46:16]} Ne7
{[%clk 0:48:51]} 42. Qf3 {[%clk 0:38:41]} Kg7 {[%clk 0:48:46]} 43. Qh5
{[%clk 0:38:54]} Ng6 {[%clk 0:45:38]} 44. Bf5 {[%clk 0:37:54]} Re7
{[%clk 0:39:50]} 45. Rd3 {[%clk 0:36:15]} Nf8 {[%clk 0:40:15]} 46. Rh3
{[%clk 0:36:12]} Kg8 {[%clk 0:40:40]} 47. Be4 {[%clk 0:34:04]} Rg7
{[%clk 0:28:57]} 48. Bf5 {[%clk 0:28:54]} Re7 {[%clk 0:24:13]} 49. Be4
{[%clk 0:29:08]} Qd7 {[%clk 0:23:16]} 50. Rf3 {[%clk 0:24:24]} Rf7
{[%clk 0:23:23]} 51. Bf5 {[%clk 0:21:53]} Qe7 {[%clk 0:23:44]} 52. Rd3
{[%clk 0:16:24]} Qd6 {[%clk 0:23:54]} 53. Rh3 {[%clk 0:15:51]} Rg7
{[%clk 0:21:49]} 54. Rf3 {[%clk 0:12:40]} Qd8 {[%clk 0:16:46]} 55. Rh3
{[%clk 0:12:15]} Ra7 {[%clk 0:13:36]} 56. Rd3 {[%clk 0:10:53]} Qd6
{[%clk 0:13:59]} 57. Rh3 {[%clk 0:11:02]} Rf7 {[%clk 0:09:25]} 58. Be4
{[%clk 0:11:18]} Qa3 {[%clk 0:08:06]} 59. Bf5 {[%clk 0:06:06]} Re7
{[%clk 0:05:42]} 60. Qd1 {[%clk 0:04:41]} Qd6 {[%clk 0:05:22]} 61. Qd3
{[%clk 0:01:17]} Rg7 {[%clk 0:03:05]} 62. Rh6 {[%clk 0:13:06]} g4
{[%clk 0:16:10]} 63. Qg3 {[%clk 0:05:09]} Rg5 {[%clk 0:14:29]} 64. Be4
{[%clk 0:03:30]} Kg7 {[%clk 0:13:14]} 65. Qh4 {[%clk 0:03:34]} Qe7
{[%clk 0:08:34]} 66. d6 {[%clk 0:03:12]} Qf7 {[%clk 0:06:50]} 67. d7
{[%clk 0:03:07]} Qe7 {[%clk 0:06:47]} 68. Rxh7+ {[%clk 0:01:49]} Nxh7
{[%clk 0:07:12]} 69. Qxh7+ {[%clk 0:02:12]} Kf8 {[%clk 0:07:41]} 70. Qh8+
{[%clk 0:02:17]} Rg8 {[%clk 0:08:04]} 71. Qh6+ {[%clk 0:02:37]} Rg7
{[%clk 0:08:25]} 72. Qh8+ {[%clk 0:03:00]} Rg8 {[%clk 0:08:49]} 73. Qh6+
{[%clk 0:03:23]} Rg7 {[%clk 0:09:14]} 74. Qh8+ {[%clk 0:03:49]} 1/2-1/2